Statistiques concernant Équipe du Brésil - le quiz

Cliquez ici pour prendre le quiz!

Statistiques générales

  • Ce quiz a été pris 104 fois
  • Le résultat moyen est 16 sur 20

Statistiques - réponses

QuestionRéponse% Correct
Qui est l’actuel meilleur buteur de la sélection avec 79 buts ?Neymar jr
99%
Combien de Coupe du Monde l’équipe a-t-elle gagnée ?5
97%
Contre quelle équipe le Brésil s’incline en finale de la Coupe du Monde 1998 ?France
94%
Qui est le dernier brésilien à avoir remporté le Ballon d’Or ?Kaká
94%
Quel joueur avait pour nom complet Edson Arantes do Nascimento ?Pelé
94%
Lors du sacre en 2002 le Brésil avait comme trio d’attaque : Rivaldo, Ronaldo et …Ronaldinho
90%
Sur quel score a été sorti l’équipe en demies finales de sa Coupe du Monde en 2014 par l’Allemagne ?7 : 1
87%
En quelle année, après une longue disette, la sélection remporte sa quatrième Coupe du Monde ?1994
85%
De quelle couleur était le maillot brésilien lors de la cruelle défaite en finale de coupe du monde 1950 contre l’Uruguay à Maracanã ?Blanc
85%
Qui est actuellement l’équipementier de la Seleção ?Nike
85%
En quelle année le Brésil remporte sa première Coupe du Monde ?1958
83%
Combien de Copa America l’équipe a-t-elle gagnée ?9
83%
Et enfin, qui les a éliminés une nouvelle fois en quarts de finale en 2022 ?Croatie
81%
Quelle équipe élimine les brésiliens en quarts de finale du Mondial 2018 ?Belgique
80%
Quelle équipe élimine la Seleção en quarts de finale de la Coupe du Monde 2010 ?Pays-Bas
74%
Quel attaquant brésilien star des années 60 avait une jambe plus courte que l’autre ?Garrincha
67%
Dans quel pays a eu lieu la coupe du monde 1970, dernière remportée par Pelé ?Mexique
64%
Quel joueur, engagé dans la lutte pour la démocratie, à un prix à son nom lors de la cérémonie du ballon d’or ?Sócrates
64%
Qui est actuellement le joueur le plus capé de la sélection avec 142 sélections ?Cafu
52%
Quel brésilien a remporté la coupe du monde en tant que joueur mais aussi en tant qu’entraîneur ?Mário Zagallo
29%

Distribution des résultats

Percentile par nombre de réponses

% des personnes avec chaque résultat

Votre développement - résultats

Vous n’avez pas pris ce quiz